Actors to Play Batman - Statistics

General Stats
  • This quiz has been taken 39 times
  • The average score is 7 of 12
Answer Stats
Picture Hint Answer % Correct
Batman v Superman Ben Affleck
97%
The Dark Knight Christian Bale
97%
Batman (1981) Michael Keaton
97%
The Batman Robert Pattinson
97%
Batman & Robin (1997) George Clooney
91%
Batman Forever Val Kilmer
85%
Batman (1966) Adam West
71%
Batwoman Kevin Conroy
18%
Titans Iain Glen
15%
Batman (1943) Lewis Wilson
12%
Gotham David Mazouz
9%
Batman & Robin (1949) Robert Lowery
9%
No matching quizzes found
Score Distribution
Percent of People with Each Score
Percentile by Number Answered
Your Score History
You have not taken this quiz